El encuentro de Breton y Trotsky en México /

Guardado en:
Otros Autores: Díaz, Ariane, comp.
Formato: Libro
Publicado: Buenos Aires : IPS, 2016.
Materias:
Etiquetas: Agregar Etiqueta
Sin Etiquetas, Sea el primero en etiquetar este registro!
LEADER 00720nam a22002295a 4500
001 EHU.bham044183
008 130507s2016##################000#0#####d
005 20251002091754.0
245 0 0 |a El encuentro de Breton y Trotsky en México /  |c André Breton, León Trotsky ; comp. por Ariane Díaz. 
260 |a Buenos Aires :  |b IPS,  |c 2016. 
300 |a 368 p. 
020 |a 9789873958038 
700 1 |a Díaz, Ariane, comp. 
082 7 0 |a 700.411 
600 1 4 |a Breton, André. 
600 1 7 |a Trotsky, León. 
653 |a Arte-historia del 
653 |a Surrealismo 
653 |a Arte revolucionario 
653 |a Revolución artística 
653 |a Trotskismo 
859 |a AR-BHAM  |b BIB. HUMANIDADES - General  |h 700.411  |i En17  |p 452.16  |t Ej.1